[Event "BUL-ch (Women)"]
[Site "Sofia"]
[Date "1987.??.??"]
[Round "8"]
[White "Kalcheva, Natalia"]
[Black "Juergens, Vera"]
[Result "1/2-1/2"]
[WhiteElo "2025"]
[BlackElo "2115"]

1.Nf3 d5 2.c4 e6 3.g3 c6 4.Bg2 Bd6 5.cxd5 exd5 6.Qc2 Nf6 7.Nc3 Be6 8.O-O O-O
9.d4 Nbd7 10.Ng5 Bg4 11.f3 Bh5 12.e4 Qb6 13.Be3 dxe4 14.Ngxe4 Bg6 15.Qd2 Bb4
16.d5 Qa5 17.dxc6 bxc6 18.a3 Bxc3 19.Qxc3 Qxc3 20.Nxc3 Rfe8 21.Rfe1 c5 22.Bf4 a6
23.Bf1 Bf5 24.Rxe8+ Nxe8 25.Nd5 Be6 26.Rd1 f6 27.Ne7+ Kf7 28.Nc6 g5 29.Be3 Rc8
30.Na5 c4 31.Nxc4 Ke7 32.Na5 Ne5 33.Kf2 Nd6 34.b4 Rc3 35.Bc5 Rc2+ 36.Be2 Nf7
37.Nc6+ Kd7 38.Nd4 Ra2 39.Nxe6 Kxe6 40.Rd3 Nc4 41.Rc3 Nfe5 42.Bd4 Kd5 43.Bxe5 Nxe5
44.Ke3 f5 45.Bxa6 Rxh2 46.Bb7+ Kd6 47.f4 Ng4+ 48.Kd4 gxf4 49.gxf4 Rf2 50.Rf3 Rc2
51.b5 h5 52.Rb3 Kc7 53.Bf3 Kb6 54.Kd3 Rf2 55.Kc4 h4 56.a4 Nh2 57.a5+ Kxa5
58.Bd1 Kb6 59.Rh3 Rxf4+ 60.Kd5 Ng4 61.Bxg4 fxg4 62.Rxh4  1/2-1/2

[Event "Tatran Cup"]
[Site "Stary Smokovec"]
[Date "1987.??.??"]
[Round "?"]
[White "Gross, Stefan"]
[Black "Priehoda, Vitezslav"]
[Result "1/2-1/2"]
[WhiteElo "2430"]
[BlackElo "2350"]

1.Nf3 d5 2.c4 c6 3.d4 Nf6 4.Qc2 dxc4 5.Qxc4 Bf5 6.Nc3 e6 7.g3 Nbd7 8.Bg2 Be7
9.O-O O-O 10.a4 a5 11.e3 Ne4 12.Nd2 Nd6 13.Qe2 e5 14.dxe5 Nxe5 15.e4 Be6
16.f4 Bg4 17.Nf3 Nxf3+ 18.Bxf3 Bxf3 19.Rxf3 Qb6+ 20.Be3 Qa6 21.Qxa6 bxa6
22.Bc5 Nc8 23.Bxe7 Nxe7 24.Rd1 f6 25.Rd7 Rfe8 26.Rfd3 Rab8 27.Rd2 Kf8 28.Kf2 Rb6
29.Rc7 Reb8 30.Nd1 R6b7 31.Rxb7 Rxb7 32.Rd8+ Kf7 33.Ra8 Rb4 34.Rxa6 Rxa4
35.Ke3 Ra1 36.Nc3 Rh1 37.h4 Rg1 38.Ne2 Rb1 39.Rb6 h5 40.Rb7 g6 41.Nc3 Rg1
42.Ne2 Rb1 43.Kd4 a4 44.Nc3 a3 45.b4 Rg1 46.Ra7 a2 47.Rxa2 Rxg3 48.Ra7 Ke8
49.Ra8+ Kd7 50.Na4 Nc8 51.Nc5+ Kc7 52.e5 fxe5+ 53.Kxe5 Rg4 54.Ra2 Rxh4 55.Rd2 Nb6
56.Ne6+ Kb7 57.Rd8 Rh1 58.Nc5+ Kc7 59.Rg8 Re1+ 60.Kd4 Rd1+ 61.Ke5  1/2-1/2

[Event "Rilton Cup"]
[Site "Stockholm"]
[Date "1987.??.??"]
[Round "?"]
[White "Bjarnehag, Peter"]
[Black "Radulov, Ivan"]
[Result "0-1"]
[WhiteElo "2355"]
[BlackElo "2435"]

1.Nf3 d5 2.c4 c6 3.d4 Nf6 4.Nc3 dxc4 5.e4 b5 6.e5 Nd5 7.a4 e6 8.Ng5 Qc7 9.Be2 Bb7
10.O-O a6 11.f4 Be7 12.Kh1 g6 13.Bg4 c5 14.dxc5 Nxc3 15.bxc3 Nd7 16.Bxe6 fxe6
17.Nxe6 Qc6 18.Qg4 Nxc5 19.Ng7+ Kf8 20.f5 Qxg2+ 21.Qxg2 Bxg2+ 22.Kxg2 Kxg7
23.f6+ Bxf6 24.exf6+ Kf7 25.axb5 axb5 26.Be3 Nb3 27.Rad1 Rhd8 28.Bg5 Rd3
29.Rde1 Rf8 30.Re7+ Kg8 31.Bh6 Rdd8 32.Bxf8 Rxf8  0-1

[Event "Timisoara"]
[Site "Timisoara"]
[Date "1987.??.??"]
[Round "?"]
[White "Suba, Mihai"]
[Black "Kirov, Nino"]
[Result "1-0"]
[WhiteElo "2560"]
[BlackElo "2450"]

1.Nf3 d5 2.c4 c6 3.e3 Nf6 4.Nc3 Nbd7 5.d4 e6 6.Bd3 dxc4 7.Bxc4 b5 8.Bd3 a6
9.e4 c5 10.d5 c4 11.dxe6 cxd3 12.exd7+ Qxd7 13.O-O Bb7 14.Re1 Be7 15.e5 Nd5
16.Ne4 O-O 17.Qxd3 Qg4 18.Ng3 Nb4 19.Qf5 Qxf5 20.Nxf5 Rfe8 21.Re2 Bc5 22.Bf4 Nd3
23.Bg3 Rad8 24.Kf1 f6 25.exf6 Bxf3 26.gxf3 Rxe2 27.Kxe2 Nxb2 28.fxg7 Nc4
29.Rd1 Rxd1 30.Kxd1 Ba3 31.Bf4 Bb2 32.Bh6 Bf6 33.f4 a5 34.Kc2 a4 35.Bg5 Na3+
36.Kd3 Ba1 37.Be7 Nc4 38.Bf8 Bf6 39.Nh6+  1-0

[Event "Tirnavia-B"]
[Site "Trnava"]
[Date "1987.??.??"]
[Round "8"]
[White "Raicevic, Momcilo"]
[Black "Drtina, Milan"]
[Result "1-0"]
[WhiteElo "2390"]
[BlackElo "2280"]

1.Nf3 d5 2.c4 e6 3.g3 c6 4.Bg2 Nf6 5.b3 Bd6 6.Bb2 O-O 7.O-O Nbd7 8.Nc3 e5
9.cxd5 Nxd5 10.d4 Nxc3 11.Bxc3 Qe7 12.Qd2 e4 13.Ng5 f5 14.d5 Nb6 15.dxc6 bxc6
16.Nh3 Nd5 17.Rac1 Ba6 18.Rc2 Rac8 19.Rd1 Kh8 20.Qd4 Nxc3 21.Qxc3 Bb4 22.Qe3 Rfd8
23.Rxd8+ Qxd8 24.Bf1 Qd7 25.Qc1 Bb5 26.Nf4 Qd6 27.Nh5 h6 28.Qa1 Rc7 29.Qc1 Kh7
30.Nf4 Ba3 31.Qe3 Rd7 32.Qc3 Bb4 33.Qa1 Ba3 34.h4 a5 35.Bh3 Rf7 36.h5 c5
37.Kh2 a4 38.Ng6 Bb4 39.Qb2 a3 40.Qa1 Bd7 41.Qe5 Qf6 42.Qb8  1-0

[Event "Voronez"]
[Site "Voronez"]
[Date "1987.??.??"]
[Round "?"]
[White "Balashov, Yuri S"]
[Black "Pinkas, Karol"]
[Result "1/2-1/2"]
[WhiteElo "2550"]
[BlackElo "2405"]

1.Nf3 d5 2.c4 c6 3.e3 e6 4.d4 f5 5.Nc3 Nf6 6.Be2 Bd6 7.O-O Nbd7 8.Qb3 Ne4
9.Nd2 Qc7 10.f4 Ndf6 11.Ndxe4 fxe4 12.Bd2 O-O 13.Rac1 Qb6 14.Qc2 Qd8 15.c5 Be7
16.b4 b6 17.Rb1 Bd7 18.Be1 Kh8 19.Bh4 Ng8 20.Bxe7 Qxe7 21.Qd2 Nh6 22.a3 Rg8
23.Bd1 Raf8 24.Ne2 Ng4 25.Nc3 Nh6 26.Ne2 Ng4 27.Nc3  1/2-1/2

[Event "Warsaw zt-B"]
[Site "Warsaw"]
[Date "1987.??.??"]
[Round "?"]
[White "Suba, Mihai"]
[Black "Ftacnik, Lubomir"]
[Result "1/2-1/2"]
[WhiteElo "2560"]
[BlackElo "2540"]

1.Nf3 d5 2.c4 d4 3.e3 Nc6 4.Nxd4 Nxd4 5.exd4 Qxd4 6.Nc3 e5 7.d3 Ne7 8.Be2 Nf5
9.O-O c6 10.Ne4 Be7 11.Bd2 Qb6 12.Bc3 Nd4 13.Kh1 f5 14.Nd2 O-O 15.Nf3 Nxf3
16.Bxf3 Bf6 17.Qb3 Bd7 18.Bb4 c5 19.Bd5+ Kh8 20.Bc3 Bc6 21.Bxc6 Qxc6 22.Rae1 Rae8
23.Re2 e4 24.Bxf6 Rxf6 25.dxe4 Rfe6 26.f3 fxe4 27.fxe4 Rxe4 28.Rxe4 Qxe4
29.h3 h6 30.Qc3 Kg8 31.Rd1 b6 32.b3 Qf5 33.Qd2 Kh7 34.Kg1 Re7 35.Qf2 Qxf2+  1/2-1/2

[Event "Zenica"]
[Site "Zenica"]
[Date "1987.??.??"]
[Round "?"]
[White "Cebalo, Miso"]
[Black "Lalic, Bogdan"]
[Result "1/2-1/2"]
[WhiteElo "2480"]
[BlackElo "2440"]

1.Nf3 d5 2.c4 d4 3.e3 Nc6 4.d3 e5 5.exd4 exd4 6.Be2 h6 7.O-O Nf6 8.b3 Bc5
9.Na3 O-O 10.Bb2 Re8 11.Nc2 Qd6 12.Re1 a5 13.a3 Rb8 14.h3 b5 15.Rb1 bxc4
16.bxc4 Bf5 17.Bf1 Red8 18.g4 Bd7 19.Ba1 Rxb1 20.Qxb1 h5 21.g5 Nh7 22.Qc1 Nf8
23.Nd2 Qg6 24.Ne4 Be7 25.f4 Ne6 26.Bg2 Nc5 27.Qd1  1/2-1/2

[Event "Zenica"]
[Site "Zenica"]
[Date "1987.??.??"]
[Round "?"]
[White "Cebalo, Miso"]
[Black "Smagin, Sergey"]
[Result "1/2-1/2"]
[WhiteElo "2480"]
[BlackElo "2505"]

1.Nf3 d5 2.c4 c6 3.e3 Nf6 4.b3 Bg4 5.Bb2 Nbd7 6.cxd5 cxd5 7.Be2 e6 8.h3 Bh5
9.O-O Be7 10.d3 h6 11.Nbd2 O-O 12.Rc1 Bd6 13.Nd4 Bxe2 14.Qxe2  1/2-1/2

[Event "Duncan Lawrie Women-Men"]
[Site "London"]
[Date "1988.10.24"]
[Round "3"]
[White "Arkell, Keith C"]
[Black "Jackson, Sheila"]
[Result "1-0"]
[WhiteElo "2430"]
[BlackElo "2245"]

1.Nf3 d5 2.c4 dxc4 3.Na3 c5 4.g3 Nc6 5.Bg2 e5 6.Nxc4 Qc7 7.d3 Nf6 8.Bg5 Be7
9.Rc1 Be6 10.O-O O-O 11.a3 a5 12.Nfd2 Ra6 13.Ne3 Rd8 14.Bxf6 gxf6 15.Ne4 b6
16.Nc3 Nd4 17.Ned5 Qd7 18.e3 Nf5 19.a4 Kh8 20.Qe2 Nd6 21.f4 Rb8 22.fxe5 fxe5
23.Qh5 f5 24.e4 Rg8 25.exf5 Nxf5 26.Rxf5 Bxf5 27.Nxe7 Qxe7 28.Qxf5 Rf8 29.Qh5 Ra7
30.Re1 Rd7 31.Nd5 Qg7 32.Qxe5 Qxe5 33.Rxe5 Rd6 34.Be4 Rf7 35.Ne3 Rd8 36.Re6 Rb8
37.Nf5 Rc7 38.b3 Rd7 39.h4 Rf7  1-0

[Event "Wch Girls U20"]
[Site "Adelaide"]
[Date "1988.??.??"]
[Round "?"]
[White "Galliamova, Alisa"]
[Black "Zayac, Elena"]
[Result "0-1"]
[WhiteElo "2250"]
[BlackElo "2230"]

1.Nf3 d5 2.c4 d4 3.b4 a5 4.b5 f6 5.e3 e5 6.exd4 exd4 7.Bd3 Bc5 8.O-O Ne7
9.Na3 Bg4 10.h3 Bh5 11.Bb2 Nd7 12.g4 Bf7 13.Nc2 Ne5 14.Nxe5 fxe5 15.Qe2 Qd6
16.Be4 Bg6 17.d3 O-O-O 18.Bc1 Rdf8 19.Ne1 Bxe4 20.Qxe4 Ng6 21.Ng2 h5 22.Bg5 Rf7
23.gxh5 Nf8 24.f4 Ne6 25.fxe5 Qf8 26.Qg4 Qe8 27.Nf4 Rxf4 28.Rxf4 Rxh5 29.Rf5 g6
30.Qxh5 gxh5 31.h4 Ng7 32.Rf3 Qxe5 33.Raf1 Ne6 34.Bf6 Qd6 35.Kg2 Kb8 36.Rf5 Ba3
37.Be5 Qb4 38.Rf6 Nc5 39.Rf8+ Ka7 40.Bxc7 Nd7 41.R8f7 Qd2+ 42.R1f2 Qxd3 43.Rxd7 Qe4+
44.Kf1 d3 45.Rg2 Bc5  0-1

[Event "Wch Girls U20"]
[Site "Adelaide"]
[Date "1988.??.??"]
[Round "?"]
[White "Galliamova, Alisa"]
[Black "Bojkovic, Natasa"]
[Result "1-0"]
[WhiteElo "2250"]
[BlackElo "2220"]

1.Nf3 d5 2.c4 c6 3.b3 Bf5 4.g3 Nf6 5.Bg2 e6 6.O-O h6 7.Bb2 Nbd7 8.d3 Bc5
9.Nbd2 Bh7 10.a3 a5 11.Bc3 O-O 12.b4 axb4 13.axb4 Bd6 14.Qb3 Qe7 15.Bh3 Rfe8
16.c5 Bc7 17.Rxa8 Rxa8 18.Ra1 Rxa1+ 19.Bxa1 Bf5 20.Bxf5 exf5 21.e3 Ng4 22.Qa3 Qe8
23.Qa7 Qb8 24.Qxb8+ Bxb8 25.Nb3 Bc7 26.h3 Ngf6 27.Bxf6 Nxf6 28.Nfd4 g6 29.b5 cxb5
30.Nxb5 Bd8 31.Nd6 b6 32.c6 Kf8 33.Nd4 Bc7 34.N6b5 Ne8 35.Nc3 Ke7 36.Nxd5+ Kd6
37.Nc3 Kc5 38.Ncb5 Be5 39.Kf1 Bxd4 40.Nxd4 Nc7  1-0

[Event "Almada"]
[Site "Almada"]
[Date "1988.??.??"]
[Round "7"]
[White "Almeida, R."]
[Black "Nikolac, Juraj"]
[Result "1-0"]
[WhiteElo "2320"]
[BlackElo "2495"]

1.Nf3 d5 2.c4 e6 3.g3 Nf6 4.b3 b6 5.Bg2 Bb7 6.Bb2 Be7 7.O-O O-O 8.e3 c5 9.Nc3 dxc4
10.bxc4 Nc6 11.d3 Rc8 12.Qe2 Rc7 13.Ne1 Nb4 14.Bxb7 Rxb7 15.f4 a6 16.a4 Rd7
17.Rd1 Ne8 18.g4 f6 19.h4 Nd6 20.h5 Nf7 21.Ne4 Nh6 22.Nf2 b5 23.axb5 axb5
24.cxb5 Qb6 25.d4 Nd5 26.Ng2 cxd4 27.Bxd4 Bc5 28.Bxc5 Qxc5 29.Rc1 Qb4 30.Rc6 Re8
31.e4 Nc7 32.g5 fxg5 33.fxg5 Nf7 34.b6 Nb5 35.Qc4 Qxc4 36.Rxc4 Nxg5 37.Ng4 Rb7
38.Rc5 Nh3+ 39.Kh2 Rxb6 40.Kxh3 Nd6 41.e5 Rb3+ 42.Kh2 Ne4 43.Rc7 Ng3 44.Rff7 Nxh5
45.Nf4 Rb2+ 46.Kg1 Rb4 47.Nh6+  1-0

[Event "Almada"]
[Site "Almada"]
[Date "1988.??.??"]
[Round "10"]
[White "Antunes, Antonio"]
[Black "Pereira, Alvaro"]
[Result "0-1"]
[WhiteElo "2390"]
[BlackElo "2305"]

1.Nf3 d5 2.c4 e6 3.d4 Nf6 4.cxd5 exd5 5.Nc3 Bb4 6.Bg5 Nbd7 7.e3 c5 8.Bd3 h6
9.Bh4 c4 10.Bf5 g5 11.Bg3 Nc5 12.dxc5 Bxc3+ 13.bxc3 Bxf5 14.Qd4 O-O 15.Be5 Ne8
16.h4 g4 17.Qf4 gxf3 18.Qxf5 Qc8 19.Qxf3 Qe6 20.Bd4 f5 21.Qf4 Rc8 22.Rh3 Kh7
23.Rg3 Rg8 24.Rxg8 Kxg8 25.Rb1 Rc7 26.f3 Kh7 27.Rb4 Re7 28.Kf2 Ng7 29.Ra4 Nh5
30.Qd6 a6 31.Qxe6 Rxe6 32.Rb4 Re7 33.Rb6  0-1

[Event "NOR-ch"]
[Site "Asker"]
[Date "1988.??.??"]
[Round "3"]
[White "Groenn, Atle"]
[Black "Jansson, Joran"]
[Result "1-0"]
[WhiteElo "2205"]
[BlackElo "2325"]

1.Nf3 d5 2.c4 Nf6 3.cxd5 Nxd5 4.d4 Bg4 5.Ne5 Bh5 6.Qb3 Nb6 7.Qh3 g6 8.g4 Qxd4
9.f4 e6 10.gxh5 Bb4+ 11.Nc3 Na6 12.Qd3 Qc5 13.Be3 Qe7 14.O-O-O Bxc3 15.Qxc3 Nd5
16.Rxd5 exd5 17.Nxg6 hxg6 18.Qxh8+ Kd7 19.Bh3+ Kd6 20.Qe5+ Qxe5 21.fxe5+ Kxe5
22.hxg6 fxg6 23.Bg4 Rf8 24.Bf3 c5 25.Rg1 d4 26.Bd2 c4 27.Rxg6  1-0

[Event "NOR-ch"]
[Site "Asker"]
[Date "1988.??.??"]
[Round "4"]
[White "Gausel, Einar"]
[Black "Hoen, Ragnar"]
[Result "1/2-1/2"]
[WhiteElo "2410"]
[BlackElo "2330"]

1.Nf3 d5 2.c4 e6 3.g3 Nf6 4.Bg2 Be7 5.O-O O-O 6.d4 Nbd7 7.Qc2 c6 8.b3 Ne4
9.Bf4 f5 10.Ne5 Nxe5 11.Bxe5 Bd7 12.Nd2 Be8 13.Nxe4 dxe4 14.f3 exf3 15.exf3 c5
16.Qb2 cxd4 17.Bxd4 Bf6 18.Bxf6 Qxf6 19.Qxf6 gxf6 20.f4 Bc6 21.Bxc6 bxc6
22.Rfe1 Kf7 23.Re2 Rad8 24.Rae1 Rfe8 25.Kf2 Rd3  1/2-1/2

[Event "NOR-ch"]
[Site "Asker"]
[Date "1988.??.??"]
[Round "5"]
[White "Groenn, Atle"]
[Black "Haugli, Petter"]
[Result "0-1"]
[WhiteElo "2205"]
[BlackElo "2330"]

1.Nf3 d5 2.c4 e6 3.b3 Nf6 4.g3 Be7 5.Bg2 O-O 6.O-O c5 7.Bb2 Nc6 8.e3 d4 9.exd4 cxd4
10.Re1 Bc5 11.d3 Re8 12.Nbd2 e5 13.a3 a5 14.Qc2 Bg4 15.Ng5 Bf8 16.h3 Bh5
17.g4 Bg6 18.Nge4 Nd7 19.Nf1 Rc8 20.Nfg3 Ncb8 21.Bc1 Na6 22.Bd2 b5 23.Ra2 Qc7
24.Rc1 Qb6 25.Kh2 f6 26.Qb1 Rb8 27.Ra1 Rec8 28.Bf1 Nc7 29.c5 Nxc5 30.Bxa5 Qxa5
31.b4 Qa4 32.Nxc5 Bxc5 33.Rxc5 Ne6 34.Rc1 Nf4 35.Ne4 Bxe4 36.dxe4 h6 37.Qb2 d3
38.Qd2 Qb3  0-1

[Event "FRG-ch qual"]
[Site "Bad Neustadt"]
[Date "1988.??.??"]
[Round "3"]
[White "Maier, Christian"]
[Black "Degen, Vladimir"]
[Result "1/2-1/2"]
[WhiteElo "2325"]
[BlackElo "2255"]

1.Nf3 d5 2.c4 e6 3.b3 Nf6 4.Bb2 c5 5.e3 Nc6 6.cxd5 exd5 7.Be2 Be7 8.O-O O-O
9.d4 Ne4 10.Nc3 Bf6 11.Rc1 cxd4 12.Nxe4 dxe4 13.Nxd4 Bxd4 14.Bxd4 Qg5 15.f4 exf3
16.Bxf3 Be6 17.Rc5 f5 18.Bxc6 bxc6 19.Rf3 Qe7 20.Rg3 Rad8 21.Qc1 Rf7 22.Rf3 Bd5
23.Rf4 Qg5 24.Qf1 Rd6 25.Ra5 Rdd7 26.Qf2 h6 27.h3 Be4 28.Kh2 Kh7 29.Re5 Qd8
30.Qg3 Rf6 31.Qf2 Rg6 32.g3 Rd5 33.Rxd5 Qxd5 34.Qd2 Rd6 35.Rf2 Qb5 36.Qc3 Rg6
37.Qc4 Qa5 38.Qc3 Qa6 39.a4 Qb7 40.b4 Qf7 41.a5 Rg5 42.Be5 Rh5 43.g4 Rg5
44.Qd4 Qg6 45.Bf4 Rxg4 46.hxg4 Qxg4 47.Qd8 Qh5+ 48.Kg3  1/2-1/2

[Event "Balatonbereny op"]
[Site "Balatonbereny"]
[Date "1988.??.??"]
[Round "6"]
[White "Szirmai, Eduard"]
[Black "Tolnai, Tibor"]
[Result "1/2-1/2"]
[WhiteElo "2260"]
[BlackElo "2465"]

1.Nf3 d5 2.c4 d4 3.e3 c5 4.b4 dxe3 5.fxe3 cxb4 6.d4 Nf6 7.Bd3 Bg4 8.O-O e6
9.a3 bxa3 10.Qb3 Bxf3 11.Rxf3 b6 12.Nxa3 Nc6 13.Bb2 Be7 14.Raf1 O-O 15.Qd1 Re8
16.d5 exd5 17.cxd5 Nb4 18.Bc4 Nbxd5 19.Qb3 Bxa3 20.Qxa3 Qc7 21.Bxd5 Nxd5
22.Rxf7 Re7 23.R7f3 Qc5 24.Qa1 b5 25.Bd4 Qc7 26.Qb1 a6 27.Qf5  1/2-1/2

[Event "Beersheba"]
[Site "Beersheba"]
[Date "1988.??.??"]
[Round "?"]
[White "Pinter, Jozsef"]
[Black "Lev, Ronen"]
[Result "1-0"]
[WhiteElo "2570"]
[BlackElo "2390"]

1.Nf3 d5 2.c4 dxc4 3.e3 Nf6 4.Bxc4 e6 5.O-O c5 6.d4 a6 7.a4 cxd4 8.exd4 Nc6
9.Nc3 Be7 10.Bg5 O-O 11.Re1 Nb4 12.Ne5 Nfd5 13.Bd2 Nf6 14.Bf4 Nfd5 15.Bg3 b6
16.Nxd5 exd5 17.Bb3 Be6 18.Rc1 Bd6 19.Rc3 Ra7 20.h3 Rc7 21.Qe2 Bf5 22.Rec1 Rxc3
23.bxc3 Bxe5 24.dxe5 Qc8 25.Qe3 Nd3 26.Rd1 Qxc3 27.Bxd5 Qc2 28.Rd2 Qb1+ 29.Kh2 Nc5
30.Bh4 Rc8 31.Be7 Be6 32.a5 Bxd5 33.Rxd5 Qa2 34.Qf3 Qxa5 35.Qg4 Re8 36.Bf6 g6
37.Qh4 Qa4 38.Rd4  1-0

[Event "GMA-Open"]
[Site "Belgrade"]
[Date "1988.??.??"]
[Round "?"]
[White "Ilic, Zoran"]
[Black "Blagojevic, Dragisa"]
[Result "1/2-1/2"]
[WhiteElo "2360"]
[BlackElo "2445"]

1.Nf3 d5 2.c4 dxc4 3.Qa4+ Nd7 4.g3 Nf6 5.Bg2 g6 6.Qxc4 Bg7 7.d4 O-O 8.Nc3 Nb6
9.Qd3 Be6 10.O-O c6 11.Rd1 a5 12.h3 a4 13.e4 Qc8 14.Kh2 Rd8 15.Qc2 Ra5 16.Ne2 Bc4
17.Ne5 Ba6 18.Be3 Nfd7 19.Nf3 Nf8 20.Rac1 Nc4 21.Bg5 Qe6 22.d5 cxd5 23.Nf4 Qxe4
24.Qxe4 dxe4 25.Rxd8 exf3 26.Bxe7 fxg2 27.Nd5 Ne5 28.Nf6+ Bxf6 29.Bxf6 Nd7
30.Bc3 Rc5 31.Kxg2 Bb5 32.Re1 Bc6+ 33.Kh2 Rxc3 34.bxc3 Kg7 35.f4 Ne6 36.Rc8 Ndc5
37.Re3 h5 38.h4 Kf6 39.Ra8 Nc7 40.Rd8 N5e6 41.Rd6 Ke7 42.Rxc6 bxc6 43.Re4 a3
44.Ra4 Nc5 45.Rxa3 Kd6 46.c4 f5 47.Kg2 N5e6 48.Ra5 c5 49.Ra3 Nd4  1/2-1/2

[Event "GMA-Open"]
[Site "Belgrade"]
[Date "1988.??.??"]
[Round "?"]
[White "Damljanovic, Branko"]
[Black "Velikov, Petar"]
[Result "1-0"]
[WhiteElo "2565"]
[BlackElo "2485"]

1.Nf3 d5 2.c4 c6 3.e3 Nf6 4.Nc3 g6 5.d4 Bg7 6.Bd3 O-O 7.O-O Bg4 8.h3 Bxf3
9.Qxf3 e6 10.Rd1 Nbd7 11.Bd2 Re8 12.Be1 Qe7 13.Bf1 dxc4 14.Bxc4 Rad8 15.Bb3 Nb6
16.a4 e5 17.a5 exd4 18.axb6 dxc3 19.Rxd8 Qxd8 20.bxa7 cxb2 21.a8=Q Qxa8 22.Rxa8 Rxa8
23.Qd1 Nd5 24.Bc2 b5 25.e4 Nc3 26.Bxc3 Bxc3 27.Kh2 b4 28.f4 Ra1 29.Qd3 Rc1
30.e5 c5 31.h4 c4 32.Qd8+ Kg7 33.Qf6+ Kg8 34.h5 gxh5 35.Qg5+ Kf8 36.Bxh7 b1=Q
37.Qd8+ Kg7 38.Qg8+ Kh6 39.Bxb1 Rxb1 40.Qxf7 b3 41.Qf6+  1-0

[Event "GMA-Open"]
[Site "Belgrade"]
[Date "1988.??.??"]
[Round "?"]
[White "Damljanovic, Branko"]
[Black "Dizdar, Goran"]
[Result "0-1"]
[WhiteElo "2565"]
[BlackElo "2500"]

1.Nf3 d5 2.c4 e6 3.e3 Nf6 4.b3 Bd6 5.Bb2 O-O 6.Nc3 b6 7.cxd5 exd5 8.Qc2 c5
9.Be2 Nc6 10.a3 d4 11.Ne4 Nxe4 12.Qxe4 Bb7 13.h4 Re8 14.Qc2 h6 15.Kf1 Ne5
16.exd4 Nxf3 17.Bxf3 Bxf3 18.gxf3 Qf6 19.Kg2 Qf4 20.Qd3 Rad8 21.Rac1 Be5
22.Qe3 cxd4 23.Qxf4 Bxf4 24.Rhd1 Re2 25.Rc4 Rxd2 26.Rxd2 Bxd2 27.Rxd4 Rxd4
28.Bxd4 h5 29.Kg3 f6 30.f4 f5 31.Kf3 Kf7 32.Be5 b5 33.Bd4 a6 34.a4 bxa4 35.bxa4 Ba5
36.Kg3 g6 37.f3 Ke6 38.Bf2 Kd5  0-1

[Event "GMA-Open"]
[Site "Belgrade"]
[Date "1988.??.??"]
[Round "?"]
[White "Krnic, Zdenko"]
[Black "Cabrilo, Goran"]
[Result "1/2-1/2"]
[WhiteElo "2430"]
[BlackElo "2510"]

1.Nf3 d5 2.c4 c6 3.b3 Bg4 4.Ne5 Bh5 5.Bb2 Nd7 6.d4 e6 7.Nd3 Bd6 8.g3 Bg6
9.Bg2 h5 10.Nc3 Ngf6 11.Qd2 dxc4 12.Nf4 Bxf4 13.Qxf4 Nb6 14.O-O cxb3 15.axb3 O-O
16.e4 Nbd7 17.h3 Qb6 18.Qe3 Rfd8 19.Na4 Qc7 20.f4 Ne8 21.f5 exf5 22.exf5 Bh7
23.d5 Ndf6 24.dxc6 bxc6 25.Rac1 Nd5 26.Qf3 Rab8 27.g4 h4 28.Rfe1 Qg3 29.Qxg3 hxg3
30.Nc5 Nf4 31.Be5 Nxg2 32.Kxg2 Rb5 33.Kxg3 g6 34.fxg6 Bxg6 35.h4 Rd5 36.Bb2 Nd6
37.Ba3 Ra5 38.Bb4 Rb5 39.Ba3 Ra5 40.Bb4 Rb5  1/2-1/2

[Event "GMA-Open"]
[Site "Belgrade"]
[Date "1988.??.??"]
[Round "?"]
[White "Voiska, Margarita"]
[Black "Paunovic, Tomislav"]
[Result "1/2-1/2"]
[WhiteElo "2350"]
[BlackElo "2420"]

1.Nf3 d5 2.c4 dxc4 3.g3 c5 4.Bg2 Nc6 5.O-O e5 6.Qa4 Bd7 7.Qxc4 Be7 8.b3 b5
9.Qc2 Rc8 10.Bb2 f6 11.Nc3 Nd4 12.Qd1 Nh6 13.e3 Nxf3+ 14.Bxf3 O-O 15.Qe2 c4
16.bxc4 bxc4 17.Rfd1 Be6 18.d3 Qe8 19.dxc4 Bxc4 20.Bd5+ Bxd5 21.Nxd5 Bc5
22.Rac1 Kh8 23.Rc2 Qe6 24.Kg2 Nf7 25.e4 Ng5 26.Rdc1 Qh3+ 27.Kh1 Bb6 28.Rxc8 Rxc8
29.Rxc8+ Qxc8 30.Nxb6 axb6 31.h4 Ne6 32.Qb5 h5 33.Kg2 Nc5 34.Qe2 g6 35.Qc4 Qc6
36.f3 Qd7 37.Qd5 Qxd5 38.exd5 Kg7 39.Ba3 Nd7 40.Kf2 Kf7 41.Ke3 b5 42.Kd3 Nb6
43.d6 Ke6 44.Bc5 Nd7 45.Ba3 Nb8 46.f4 Nc6 47.fxe5 Nxe5+ 48.Kd4 Nc4 49.Bb4 Nxd6
50.Kc5 g5 51.hxg5 fxg5 52.Kc6 Nf5 53.Be1 Nd6 54.Bb4 Ne4 55.Be1 b4 56.Kb5 Nc3+
57.Kxb4 Nxa2+ 58.Kb3 Nc1+ 59.Kc2 Ne2 60.Kd3 Ng1 61.Ke4 Nh3 62.Bd2 Kf6 63.Be3 Kg6
64.Bd4 g4 65.Bb6 Ng5+ 66.Ke5 Nf3+ 67.Kf4  1/2-1/2

[Event "GMA-Open"]
[Site "Belgrade"]
[Date "1988.??.??"]
[Round "?"]
[White "Plachetka, Jan"]
[Black "Trifunovic, Miroljub"]
[Result "1-0"]
[WhiteElo "2400"]
[BlackElo "2300"]

1.Nf3 d5 2.c4 e6 3.g3 Nf6 4.Bg2 Be7 5.b3 O-O 6.Bb2 b6 7.O-O Bb7 8.cxd5 Nxd5
9.d4 Na6 10.Nc3 Nxc3 11.Bxc3 Be4 12.Qd2 Qd5 13.Rfd1 Rad8 14.Qf4 f5 15.Bf1 Bd6
16.Qh4 Bxf3 17.exf3 Qxf3 18.Rd3 Qc6 19.Re1 Bb4 20.d5 Qc5 21.Bd4 Qc2 22.Rxe6 Rxd5
23.Re7 Rxd4 24.Rxd4 Bxe7 25.Qxe7 Qc5 26.Qe6+ Kh8 27.Rd5 Qc1 28.Rxf5 Rg8 29.Kg2 Nc5
30.Qxg8+ Kxg8 31.Bc4+ Qxc4  1-0

[Event "GMA-Open"]
[Site "Belgrade"]
[Date "1988.??.??"]
[Round "?"]
[White "Rukavina, Josip"]
[Black "Lputian, Smbat G"]
[Result "1/2-1/2"]
[WhiteElo "2455"]
[BlackElo "2540"]

1.Nf3 d5 2.c4 e6 3.g3 Nf6 4.Bg2 c5 5.cxd5 exd5 6.d4 Nc6 7.O-O Be7 8.Nc3 O-O
9.b3 Bg4 10.Bb2 Re8 11.Rc1 cxd4 12.Nxd4 Qd7 13.Nxc6 bxc6 14.Na4 Rac8 15.f3 Bf5
16.Qd2 h6 17.Rfd1 Qe6 18.e3 Nd7 19.Kf2 Ne5 20.Bxe5 Qxe5 21.Nc5 Qf6 22.Re1 h5
23.Kg1 Rcd8 24.Qf2 Qh6 25.b4 h4 26.Bf1 hxg3 27.hxg3 Rd6 28.Qh2 Qg5 29.f4 Qg6
30.Be2 Bg4 31.Bd3 f5 32.Kf2 Qf7 33.Rh1 Rh6 34.Qg2 Bxc5 35.bxc5 Qe7 36.Rhe1 Re6
37.Kf1 Rxe3 38.Qd2 d4 39.Rxe3 Qxe3 40.Qxe3 Rxe3 41.Bc4+ Kf8 42.Kf2 Bf3 43.Rc2 Be4
44.Rd2 Rf3+ 45.Ke2 Rxg3 46.Rxd4 Ke7 47.Bb3 Rf3 48.Ra4 Rxf4 49.Rxa7+ Kf6 50.Rf7+ Kg6
51.Rb7 Rf3 52.Bc2 Bd5 53.Bb3 Rc3 54.Bxd5 cxd5 55.Rb6+ Kg5 56.c6 Rc4 57.Rb7 Rxc6
58.Rxg7+ Kf4 59.Ra7 Ke4 60.Re7+ Kf4 61.Ra7 Rc3 62.a4 Re3+ 63.Kd2 Ra3 64.a5 Kf3
65.a6 f4 66.Kc2 d4 67.Kb2 Ra5 68.Kc2 Ra1 69.Kd3 Ra4 70.Kc2 Kf2 71.Kb3 Ra1
72.Kc4 Ke3 73.Re7+ Kd2 74.Kxd4 Ra4+ 75.Kd5 f3 76.a7 f2 77.Rf7 Ke2 78.Re7+ Kd2
79.Rf7 Ke2 80.Re7+ Kd3 81.Rf7 Ke3 82.Re7+ Kd3 83.Rf7 Ra5+ 84.Kc6  1/2-1/2

[Event "Berlin op"]
[Site "Berlin-West"]
[Date "1988.??.??"]
[Round "8"]
[White "Soffer, Ram"]
[Black "Hector, Jonny"]
[Result "0-1"]
[WhiteElo "2355"]
[BlackElo "2435"]

1.Nf3 d5 2.c4 c6 3.d4 Nf6 4.Nc3 dxc4 5.a4 Bf5 6.e3 e6 7.Bxc4 Bb4 8.O-O Nbd7
9.Nh4 Bg4 10.f3 Bh5 11.g4 Bg6 12.e4 O-O 13.g5 Ne8 14.Nxg6 hxg6 15.Be3 c5
16.d5 e5 17.Rf2 Nd6 18.Bf1 a6 19.h4 c4 20.Qc2 Bc5 21.Re1 Bd4 22.Bxd4 exd4
23.Nd1 b5 24.Qd2 Qb6 25.Kh1 Rfe8 26.Rh2 Ne5 27.Qg2 Qa5 28.Re2 Qxa4 29.Rd2 c3
30.bxc3 dxc3 31.Rc2 Qd4 32.Nxc3 Rac8 33.Ne2 Qe3 34.Rxc8 Rxc8 35.Rh3 Nd3 36.Rg3 Rc2
37.Qg1 Rxe2 38.Bxe2 Qxe2 39.Qb6 Nc4 40.Qxa6 Nf2+ 41.Kh2 Ne3 42.Qc8+ Kh7  0-1

[Event "Bern op"]
[Site "Bern"]
[Date "1988.??.??"]
[Round "?"]
[White "Erdelyi, Tamas"]
[Black "Gisler, Maurice"]
[Result "1-0"]
[WhiteElo "2330"]
[BlackElo "1855"]

1.Nf3 d5 2.c4 c6 3.b3 Nf6 4.g3 Bg4 5.Bg2 Bxf3 6.Bxf3 dxc4 7.bxc4 Qd4 8.Qb3 Qb6
9.Qc2 e6 10.O-O Nbd7 11.Bb2 Bd6 12.d4 c5 13.e3 O-O 14.Nd2 Rac8 15.Bc3 Qc7
16.Rfb1 b6 17.a4 h5 18.d5 Rfe8 19.a5 exd5 20.cxd5 Ne5 21.Bxe5 Bxe5 22.axb6 axb6
23.Ra6 Rb8 24.Nc4 b5 25.Rc6 Qd7 26.Nb6 Rxb6 27.Rxb6 Nxd5 28.R6xb5 Nc3 29.Rb7 Qe6
30.R1b6 Qh3 31.Rb3 Ra8 32.Bg2 Ra1+ 33.Rb1 Rxb1+ 34.Rxb1 Qg4 35.Re1 h4 36.h3 Qb4
37.f4 Bf6 38.g4 g6 39.g5 Bg7 40.Rf1 c4 41.Kh1 Qb3 42.Qd2 Na2 43.Qd8+ Kh7
44.Qd5 Qxe3 45.Qxf7 Nc3 46.f5 gxf5 47.Qxf5+ Kh8 48.g6 Bh6 49.Qf6+  1-0

[Event "Brocco op"]
[Site "Brocco"]
[Date "1988.??.??"]
[Round "?"]
[White "Mantovani, Renzo"]
[Black "Georgiev, Kiril"]
[Result "0-1"]
[WhiteElo "2410"]
[BlackElo "2595"]

1.Nf3 d5 2.c4 e6 3.d4 Nf6 4.Bg5 Be7 5.Nc3 h6 6.Bh4 O-O 7.e3 b6 8.Rc1 Bb7
9.cxd5 Nxd5 10.Bxe7 Qxe7 11.Nxd5 Bxd5 12.Bc4 Rd8 13.O-O c5 14.Bxd5 Rxd5 15.Qa4 Nd7
16.Rfd1 cxd4 17.Rxd4 Nc5 18.Qc6 Rad8 19.Rcd1 R8d6 20.Qa8+ Kh7 21.Rxd5 exd5
22.Nd4 Qd7 23.Rc1 a5 24.h3 Rg6 25.Rc2 Qxh3 26.Qxd5 Nd3 27.Qe4 Qg4 28.Qxg4 Rxg4
29.Kf1 Rg6 30.a3 a4 31.g3 Rf6 32.f4 g5 33.Ke2 Nc5 34.Kf3 h5 35.e4 Rd6 36.Ke3 f6
37.Rf2 Rd7 38.Rd2 Re7 39.fxg5 fxg5 40.Kf3 Rxe4 41.Nb5 g4+ 42.Kf2 Rc4 43.Ke3 Rc1
44.Rd6 Re1+ 45.Kf2 Rb1 46.Rxb6 Rxb2+ 47.Ke3 h4 48.Kf4 h3 49.Kg5 h2 50.Rh6+ Kg7
51.Rg6+ Kf8 52.Rh6 Rxb5 53.Rxh2 Rb3 54.Kxg4 Rxa3 55.Rh8+ Ke7 56.Kf4 Ra1 57.Ra8 a3
58.g4 a2 59.Kg5 Ne4+ 60.Kg6 Nc3  0-1